Bioterrorism, an issue of infectious disease clinics (Record no. 236913)

MARC details
000 -LEADER
fixed length control field 00584nam a2200205Ia 4500
008 - FIXED-LENGTH DATA ELEMENTS--GENERAL INFORMATION
fixed length control field 191130s2006##################000#0#eng##
020 ## - INTERNATIONAL STANDARD BOOK NUMBER
ISBN 9781416035107
082 ## - DEWEY DECIMAL CLASSIFICATION NUMBER
Classification number 616.905 KAH.20
100 ## - MAIN ENTRY--AUTHOR NAME
Personal name Khardori, Nancy
245 ## - TITLE STATEMENT
Title Bioterrorism, an issue of infectious disease clinics
Statement of responsibility, etc Nancy Khardori
250 ## - EDITION STATEMENT
Edition statement 1st edition
260 ## - PUBLICATION, DISTRIBUTION, ETC. (IMPRINT)
Place of publication North America
Name of publisher Saunders
Year of publication 2006
300 ## - PHYSICAL DESCRIPTION
Number of Pages 9.05 x 6.32 x 0.75
500 ## - GENERAL NOTE
General note includes index
650 ## - SUBJECT ADDED ENTRY--TOPICAL TERM
Topical Term Infection Control
991 ## -
-- 153799
Holdings
Withdrawn status Lost status Damaged status Not for loan Home library Current library Shelving location Date acquired Full call number Accession Number Price effective from Koha item type
        Anna Centenary Library Anna Centenary Library 5TH FLOOR, B WING 13.10.2020 616.905 KAH.20 551232 13.10.2020 English Books

Find us on the map